| 000 | 00949cam a2200313 a 4500 | ||
|---|---|---|---|
| 001 | 14171288 | ||
| 003 | PILC | ||
| 005 | 20150903151852.0 | ||
| 008 | 041122s2005 enk e 000 0aeng | ||
| 010 | _a 2005472828 | ||
| 015 |
_aGBA489198 _2bnb |
||
| 016 | 7 |
_a013063843 _2Uk |
|
| 020 | _a0091905060 (hard) | ||
| 035 | _a(OCoLC)ocm57752158 | ||
| 040 |
_aUKM _cUKM _dOCLCQ _dBAKER _dDLC |
||
| 043 | _ae-uk--- | ||
| 050 | 0 | 0 |
_aPN 5123 _b.M685 2005 |
| 082 | 0 | 0 | _a070.4/1092 |
| 100 | 1 |
_aMorgan, Piers, _d1965- |
|
| 245 | 1 | 4 |
_aThe insider / _cPiers Morgan. |
| 260 |
_aLondon : _bEbury, _c2005. |
||
| 300 |
_axi, 484 pages ; _c24 cm. |
||
| 500 | _aIncludes of index. | ||
| 600 | 1 | 0 |
_aMorgan, Piers, _d1965- _vDiaries. |
| 650 | 0 |
_aNewspaper editors _zGreat Britain _vDiaries. |
|
| 906 |
_a7 _bcbc _ccopycat _d2 _encip _f20 _gy-gencatlg |
||
| 942 |
_2lcc _cBK _kFOR |
||
| 999 |
_c288602 _d288602 |
||